000 00521nam a2200181 i 4500
001 78017
003 ES-MaACL
005 20230906173510.0
007 t|
008 041008s1945 xxu ||||1| eng d
100 1 _aHarris, Bernice Kelly.
_961903
245 1 0 _aSage quarter /
_cBernice Kelly Harris.
250 _a[1st ed.].
260 _aNew York :
_bDoubleday,
_c1945 (
_fThe Country Life Press)
300 _aVIII, 259 p. ;
_c20 cm.
852 _aES-MaACL
_jC-25175
_bR.53924
852 _aES-MaACL
_jC-25325
_bR.54127
999 _c78017
_d78017